The Gospel of the cross. (Record no. 12032)

000 -LEADER
fixed length control field 00540nam a2200181 a 4500
001 - CONTROL NUMBER
control field :::00009834$&:&@@
003 - CONTROL NUMBER IDENTIFIER
control field OkBaRHE
005 - DATE AND TIME OF LATEST TRANSACTION
control field 20000607103353.0
008 - FIXED-LENGTH DATA ELEMENTS--GENERAL INFORMATION
fixed length control field s1937 j 000 0 eng u
040 ## - CATALOGING SOURCE
Transcribing agency
100 1# - MAIN ENTRY--PERSONAL NAME
Personal name Heim, Karl.
245 14 - TITLE STATEMENT
Title The Gospel of the cross.
260 ## - PUBLICATION, DISTRIBUTION, ETC. (IMPRINT)
Place of publication, distribution, etc Grand Rapids, MI., :
Name of publisher, distributor, etc Zondervan Publishing House
Date of publication, distribution, etc 1937
300 ## - PHYSICAL DESCRIPTION
Extent 168 p. ;
Dimensions : 20 cm.
650 ## - SUBJECT ADDED ENTRY--TOPICAL TERM
Topical term or geographic name as entry element Sermons
General subdivision American
942 ## - ADDED ENTRY ELEMENTS (KOHA)
Source of classification or shelving scheme
Koha item type Books
Copies
Withdrawn status Price effective from Shelving location Barcode Permanent Location Damaged status Not for loan Full call number Koha item type Date acquired Lost status Copy number Date last seen Source of classification or shelving scheme
 2010-04-14General Stacks9834RHEMA Bible Training College  BV 4241 .H5Books2010-04-14 12010-04-14